| 000 | 00805nam a22001937a 4500 | ||
|---|---|---|---|
| 999 |
_c11302 _d11302 |
||
| 003 | AR-CdUCM | ||
| 008 | 190403b ||||| |||| 00| 0 spa d | ||
| 040 |
_aMUNICIPALIDAD PROVINCIAL DEL CUSCO _cBIBLIOTECA MUNICIPAL DEL CUSCO |
||
| 082 |
_a915.69 / _bI55 / 1852 |
||
| 100 |
_aIngunza y Basualdo, Francisco Esteban de _928605 |
||
| 245 | _aViajes por el Oriente / | ||
| 260 |
_aParís : _bAd. blondeau, _c1852. |
||
| 300 |
_a338 páginas ; _bIlustraciones, _c26.5 cm. |
||
| 505 | _aContenido: Por que Jerusalem y todo la tierra santa es llamada de promisión -- Nombre que da la sagrada escritura a la tierra santa -- Lugares santos que se visitan i veneran en Jerusalem y monte sion ... | ||
| 650 |
_aJerusalén _928606 |
||
| 650 |
_aDescripciones y viajes _9497 |
||
| 942 |
_2ddc _cLIBROS |
||
| 945 | _aacv | ||